<?xml version="1.0" encoding="UTF-8"?>
<record
    xmlns:xsi="http://www.w3.org/2001/XMLSchema-instance"
    xsi:schemaLocation="http://www.loc.gov/MARC21/slim http://www.loc.gov/standards/marcxml/schema/MARC21slim.xsd"
    xmlns="http://www.loc.gov/MARC21/slim">

  <leader>01443namaa22003251i 4500</leader>
  <controlfield tag="005">20260308093857.0</controlfield>
  <controlfield tag="008">260108s1995    ua a|||frm||| 000 0 eng d</controlfield>
  <datafield tag="040" ind1=" " ind2=" ">
    <subfield code="a">EG-GICUC</subfield>
    <subfield code="b">eng</subfield>
    <subfield code="c">EG-GICUC</subfield>
    <subfield code="d">EG-GICUC</subfield>
    <subfield code="e">rda</subfield>
  </datafield>
  <datafield tag="041" ind1="0" ind2=" ">
    <subfield code="a">eng</subfield>
    <subfield code="b">eng</subfield>
    <subfield code="b">ara</subfield>
  </datafield>
  <datafield tag="049" ind1=" " ind2=" ">
    <subfield code="a">Deposit</subfield>
  </datafield>
  <datafield tag="097" ind1=" " ind2=" ">
    <subfield code="a">Ph.D</subfield>
  </datafield>
  <datafield tag="099" ind1=" " ind2=" ">
    <subfield code="a">Cai01.11.02.Ph.D.1995.Ho.A</subfield>
  </datafield>
  <datafield tag="100" ind1="0" ind2=" ">
    <subfield code="a">Hoda Mahmoud El-Aasar,</subfield>
    <subfield code="e">preparation.</subfield>
  </datafield>
  <datafield tag="245" ind1="1" ind2="3">
    <subfield code="a">An Experimental anatomical study of the late effects of torsion of the spermatic cord on the testis of albino rats /</subfield>
    <subfield code="c">By Hoda Mahmoud El-Aasar ; Supervision Prof. Dr. M.F. Gaballah, Prof. Dr. Z.H. Badawy, Dr. S.H. El Sharoni, Prof. Dr. H.A.L. Soliman.</subfield>
  </datafield>
  <datafield tag="246" ind1="1" ind2="5">
    <subfield code="a">&#x62F;&#x631;&#x627;&#x633;&#x629; &#x62A;&#x634;&#x631;&#x64A;&#x62D;&#x64A;&#x629; &#x639;&#x646; &#x627;&#x644;&#x62A;&#x623;&#x62B;&#x64A;&#x631;&#x627;&#x62A; &#x627;&#x644;&#x645;&#x62A;&#x623;&#x62E;&#x631;&#x629; &#x644;&#x623;&#x644;&#x62A;&#x641;&#x627;&#x641; &#x627;&#x644;&#x62D;&#x628;&#x644; &#x627;&#x644;&#x645;&#x646;&#x648;&#x64A; &#x644;&#x62E;&#x635;&#x64A;&#x629; &#x627;&#x644;&#x641;&#x623;&#x631; &#x627;&#x644;&#x627;&#x628;&#x64A;&#x636;</subfield>
  </datafield>
  <datafield tag="264" ind1=" " ind2="0">
    <subfield code="c">1995.</subfield>
  </datafield>
  <datafield tag="300" ind1=" " ind2=" ">
    <subfield code="a">148 Leaves</subfield>
    <subfield code="b">illustrations </subfield>
    <subfield code="c">30 cm. + </subfield>
  </datafield>
  <datafield tag="336" ind1=" " ind2=" ">
    <subfield code="2">rda content</subfield>
    <subfield code="a">text</subfield>
  </datafield>
  <datafield tag="337" ind1=" " ind2=" ">
    <subfield code="2">rdamedia</subfield>
    <subfield code="a">Unmediated</subfield>
  </datafield>
  <datafield tag="338" ind1=" " ind2=" ">
    <subfield code="2">rdacarrier</subfield>
    <subfield code="a">volume</subfield>
  </datafield>
  <datafield tag="502" ind1=" " ind2=" ">
    <subfield code="a">Thesis (Ph.D)-Cairo University, 1995.</subfield>
  </datafield>
  <datafield tag="504" ind1=" " ind2=" ">
    <subfield code="a">Bibliography: pages 136-148</subfield>
  </datafield>
  <datafield tag="653" ind1=" " ind2="0">
    <subfield code="a">albino rats </subfield>
  </datafield>
  <datafield tag="700" ind1="0" ind2=" ">
    <subfield code="a">M. F. Gaballah</subfield>
    <subfield code="e">thesis advisor.</subfield>
  </datafield>
  <datafield tag="700" ind1="0" ind2=" ">
    <subfield code="a">S. H. El Sharoni</subfield>
    <subfield code="e">thesis advisor.</subfield>
  </datafield>
  <datafield tag="700" ind1="0" ind2=" ">
    <subfield code="a">H. A. L. Soliman</subfield>
    <subfield code="e">thesis advisor.</subfield>
  </datafield>
  <datafield tag="900" ind1=" " ind2=" ">
    <subfield code="D">Department of Anatomy</subfield>
    <subfield code="F">Faculty of Medicine</subfield>
    <subfield code="U">Cairo University</subfield>
    <subfield code="b">1995</subfield>
    <subfield code="c">M. F. Gaballah</subfield>
    <subfield code="c">S. H. El Sharoni</subfield>
    <subfield code="c">H. A.L. Soliman</subfield>
  </datafield>
  <datafield tag="905" ind1=" " ind2=" ">
    <subfield code="a">Nehad</subfield>
    <subfield code="e">Nourhan</subfield>
  </datafield>
  <datafield tag="942" ind1=" " ind2=" ">
    <subfield code="2">ddc</subfield>
    <subfield code="c">TH</subfield>
    <subfield code="e">21</subfield>
    <subfield code="n">0</subfield>
  </datafield>
  <datafield tag="999" ind1=" " ind2=" ">
    <subfield code="c">177487</subfield>
  </datafield>
  <datafield tag="952" ind1=" " ind2=" ">
    <subfield code="2">ddc</subfield>
    <subfield code="9">313405</subfield>
    <subfield code="a">CUCL</subfield>
    <subfield code="b">100</subfield>
    <subfield code="d">2026-01-08</subfield>
    <subfield code="i">27465</subfield>
    <subfield code="o">Cai01.11.02.Ph.D.1995.Ho.A</subfield>
    <subfield code="p">01010110027465000</subfield>
    <subfield code="r">2026-01-08 09:56:04</subfield>
    <subfield code="w">2026-01-08</subfield>
    <subfield code="y">TH</subfield>
  </datafield>
</record>
